[Event "Olympiad Women 2024"]
[Site "Budapest HUN"]
[Date "2024.09.15"]
[Round "5.26"]
[Board "3"]
[White "Montiel Caceres, Helen"]
[Black "Vidic, Teja"]
[Result "1/2-1/2"]
[WhiteElo "1864"]
[BlackElo "2128"]
[PlyCount "68"]
[EventDate "2024.09.11"]
[WhiteTeam "Paraguay"]
[BlackTeam "Slovenia"]
[WhiteTeamCountry "PAR"]
[BlackTeamCountry "SLO"]

1. d4 d5 2. Nf3 e6 3. Bf4 Bd6 4. e3 Nf6 5. Nbd2 O-O 6. c3 b6 7. h4 c5 8. h5 h6 ({RR} 8... Bxf4 9. exf4 cxd4 10. Nxd4 Qc7 11. g3 Nc6 12. N2f3 h6 13. Bd3 a5 14. Qe2 Ne4 15. Nxc6 Qxc6 16. Nd4 Qc7 17. Qe3 Bb7 18. O-O-O Rfc8 19. Kb1 Qc5 20. Rhe1 b5 21. f3 Nd6 22. f5 exf5 23. Qf4 {1-0 Carlsen,M (2832)-Rasulov,V (2531) Titled Tue 3rd Sep Late 2024 (7)}) 9. Bxd6 Qxd6 10. Ne5 Nfd7 $146 ({RR} 10... Ba6 11. Bxa6 Nxa6 12. g4 cxd4 13. exd4 Nd7 14. f4 Nxe5 15. fxe5 Qe7 16. Qe2 Nc7 17. Nf3 f6 18. O-O-O b5 19. exf6 Qxf6 20. Ne5 b4 21. cxb4 a5 22. b5 a4 23. Kb1 Qg5 24. b6 Na6 25. b7 {1-0 Tristan,L (2526)-Balla,T (2303) Titled Tue 13th Jun Late 2023 (4)}) 11. f4 f6 12. Ng6 Re8 13. Nf3 Ba6 14. Bxa6 Nxa6 15. Qe2 Nab8 16. e4 dxe4 17. Qxe4 Qd5 18. Qxd5 exd5+ 19. Kf2 Nc6 20. Rhe1 Kf7 21. Rad1 c4 22. Nfh4 Nf8 23. Nxf8 Kxf8 24. Nf5 Rad8 25. Re3 Rxe3 26. Nxe3 Ne7 27. Kf3 b5 28. a3 Kf7 29. g4 Rb8 30. Ra1 a5 31. Nc2 Nc8 32. Ne3 Ne7 33. Nc2 Nc8 34. Ne3 Ne7 1/2-1/2

[Event "Olympiad Women 2024"]
[Site "Budapest HUN"]
[Date "2024.09.15"]
[Round "5.26"]
[Board "4"]
[White "Mihelic, Vesna"]
[Black "Oviedo Acosta, Paula"]
[Result "1-0"]
[WhiteElo "2069"]
[BlackElo "1790"]
[PlyCount "83"]
[EventDate "2024.09.11"]
[WhiteTeam "Slovenia"]
[BlackTeam "Paraguay"]
[WhiteTeamCountry "SLO"]
[BlackTeamCountry "PAR"]

1. e4 c5 2. Nf3 a6 3. c3 e6 4. d4 d5 5. exd5 exd5 6. Bd3 c4 7. Bc2 Bd6 8. O-O Ne7 9. Re1 O-O 10. Nbd2 Nbc6 11. Nf1 Bf5 12. Ng3 Bxc2 13. Qxc2 Qc7 $146 ({RR} 13... Qd7 14. Ng5 g6 15. Bd2 b5 16. Re2 a5 17. Rae1 b4 18. Bc1 a4 19. Nh5 f6 20. Ne6 Rf7 21. Nhf4 a3 22. bxa3 bxc3 23. Nxg6 hxg6 24. Qxc3 Nf5 25. g4 Nh4 26. f4 Re7 27. Qh3 Rae8 28. f5 {0-1 Wiewiora,E (2344)-Disconzi da Silva,R (2333) Titled Tuesday intern op 2nd July blitz 2019 (3)}) ({RR} 13... f6 14. Bd2 Qd7 15. Re2 b5 16. Rae1 Rae8 17. Nh4 Bxg3 18. hxg3 g5 19. Nf5 Ng6 20. g4 Rxe2 21. Rxe2 Re8 22. Qd1 Rxe2 23. Qxe2 Nge7 24. Ne3 Qe6 25. Qf3 Kg7 26. Kf1 Kg6 27. b3 cxb3 28. axb3 {0-1 Aydin,G (2069)-Izoria,Z (2602) Titled Tuesday intern op 01st Mar Early blitz 2022 (2)}) 14. Nf5 Rfe8 15. Bd2 Ng6 16. g3 b5 17. h4 Nf8 18. h5 Ne6 19. Rxe6 Rxe6 20. Ng5 h6 21. Nxe6 fxe6 22. Nxh6+ gxh6 23. Qg6+ Kh8 24. Qxh6+ Qh7 25. Qxe6 Rd8 26. Bg5 Qd7 27. Qh6+ Qh7 28. Bf6+ Kg8 29. Qg5+ Kf7 30. Bxd8 Ke8 31. Qxd5 Kd7 32. Bf6 Kc7 33. Re1 Qd7 34. Qe6 Qxe6 35. Rxe6 Bf8 36. d5 Nd8 37. Re8 Bh6 38. Rxd8 Bc1 39. f4 Bxb2 40. h6 b4 41. h7 b3 42. axb3 1-0

[Event "Olympiad Women 2024"]
[Site "Budapest HUN"]
[Date "2024.09.15"]
[Round "5.27"]
[Board "1"]
[White "Smith, Olivia"]
[Black "Borosova, Zuzana"]
[Result "1-0"]
[WhiteElo "2087"]
[BlackElo "2205"]
[PlyCount "87"]
[EventDate "2024.09.11"]
[WhiteTeam "Wales"]
[BlackTeam "Slovakia"]
[WhiteTeamCountry "WLS"]
[BlackTeamCountry "SVK"]

1. e4 e5 2. Nf3 Nc6 3. d4 exd4 4. Nxd4 Nf6 5. Nxc6 bxc6 6. e5 Qe7 7. Qe2 Nd5 8. h4 a5 9. g3 Ba6 10. c4 Nb6 11. Nd2 O-O-O ({RR} 11... f6 12. exf6 Qxe2+ 13. Bxe2 gxf6 14. b3 d5 15. Bb2 Bb4 16. O-O-O O-O 17. Rhe1 a4 18. cxd5 axb3 19. axb3 cxd5 20. Bxa6 Rxa6 21. Re6 Ba3 22. Bxa3 Rxa3 23. Kc2 Ra2+ 24. Kd3 Nd7 25. Ke2 Nc5 26. Re7 {½-½ Nepomniachtchi,I (2770)-Nakamura,H (2802) chess.com SpeedChess 2024 (2.18)}) 12. b3 f6 $146 ({RR} 12... Re8 13. Bb2 f6 14. O-O-O fxe5 15. Bh3 Kb8 16. Rhe1 d6 17. Bg2 Bb7 18. c5 Nd5 19. Nc4 Ba6 20. Nxa5 Bxe2 21. Nxc6+ Kc8 22. Nxe7+ Bxe7 23. Rxe2 Nf6 24. Rc2 dxc5 25. Bxe5 Rd8 26. Rcd2 Rxd2 27. Rxd2 {1-0 Krzywda,A (2246)-Zou,C (2432) Titled Tuesday intern op 02nd Aug Early blitz 2022 (6)}) 13. Bb2 fxe5 14. Bh3 Kb8 15. O-O d6 16. Bg2 Qe8 17. Rfe1 Be7 18. Nf3 c5 19. Bc3 Bf6 20. Nd2 Bb7 21. Bxb7 Kxb7 22. Bxa5 Qc6 23. Bxb6 cxb6 24. Ne4 d5 25. cxd5 Rxd5 26. a4 Rd4 27. a5 b5 28. Rac1 c4 29. bxc4 Rxc4 30. Rxc4 bxc4 31. Rc1 Rd8 32. Rxc4 Qd5 33. Rb4+ Kc7 34. Qc2+ Kd7 35. Nxf6+ gxf6 36. Qxh7+ Ke6 37. Rb6+ Rd6 38. Qg8+ Kf5 39. Qc8+ Kg6 40. Qg4+ Kh6 41. Rxd6 Qxd6 42. h5 Kh7 43. Qg6+ Kh8 44. h6 1-0

[Event "Olympiad Women 2024"]
[Site "Budapest HUN"]
[Date "2024.09.15"]
[Round "5.27"]
[Board "2"]
[White "Repkova, Eva"]
[Black "Camp, Imogen A L"]
[Result "1-0"]
[WhiteElo "2319"]
[BlackElo "1923"]
[PlyCount "115"]
[EventDate "2024.09.11"]
[WhiteTeam "Slovakia"]
[BlackTeam "Wales"]
[WhiteTeamCountry "SVK"]
[BlackTeamCountry "WLS"]

1. e4 e5 2. Nf3 Nf6 3. Nxe5 Nxe4 4. Qe2 Qe7 5. Qxe4 d6 6. d4 dxe5 7. dxe5 Nc6 8. Bb5 Bd7 9. Nc3 O-O-O 10. Bf4 ({RR} 10. O-O Nxe5 11. Bf4 Ng6 12. Bxd7+ Rxd7 13. Be3 Qxe4 14. Nxe4 f5 15. Nc5 Bxc5 16. Bxc5 b6 17. Bb4 c5 18. Bc3 Nf4 19. Rfe1 Nd5 20. Be5 Re8 21. f4 Nb4 22. Re2 g5 23. a3 Nc6 24. Rae1 Rde7 {0-1 Sevian,S (2660)-Ponkratov,P (2631) Leon blitz op 33rd final 2020 (2.2)}) 10... g5 11. Be3 ({RR} 11. Bg3 a6 12. Ba4 Bg7 13. O-O-O h5 14. h4 g4 15. Rhe1 Qe6 16. Bb3 Qe8 17. Kb1 Be6 18. Nd5 Kb8 19. Rd3 Ne7 20. Nf6 Qc6 21. Qxc6 Nxc6 22. Bxe6 fxe6 23. Nd7+ Kc8 24. Red1 b6 25. c3 Kb7 {1-0 Sydykov,B (2268)-Jimenez Jimenez,L (2188) Titled Tue 3rd Sep Early 2024 (6)}) 11... h6 $146 ({RR} 11... Nxe5 12. Bxd7+ Rxd7 13. O-O Nc6 14. Qf5 h6 15. Rfe1 Qe6 16. Qb5 a6 17. Qa4 Qf5 18. Ne4 Bb4 19. c3 Qxe4 20. Bd4 Rxd4 21. Rxe4 Rxe4 22. cxb4 Rhe8 23. f3 Rxb4 24. Qc2 Nd4 25. Qd2 Ne2+ 26. Kf1 {0-1 Borchert,R (2028)-Riehle,M (2132) GER-ch U25 op-A 2015 (9)}) ({RR} 11... Bg7 12. O-O-O Bxe5 13. Bxc6 Bxc6 14. Qf5+ Kb8 15. Rhe1 Rxd1+ 16. Nxd1 Re8 17. Kb1 f6 18. a3 Qd6 19. Qxh7 Rd8 20. g3 Bf3 21. Qd3 Qxd3 22. cxd3 Rxd3 23. Nc3 Rd8 24. Kc2 b6 25. Bc1 Rh8 26. Ne4 {0-1 Perez Ferris,M (2009)-Lopez Andujar Ocana,A (2198) Madrid op2 2005 (3)}) 12. O-O-O Bg7 13. Qa4 Qxe5 14. Bxa7 Nxa7 15. Bxd7+ Kb8 16. Rd5 Qf6 17. f3 c6 18. Ra5 Qd4 19. Rd1 Qxa4 20. Nxa4 Nb5 21. c4 Nd4 22. Nb6 Kc7 23. c5 Ne2+ 24. Kc2 Nf4 25. Rd2 Nd5 26. Nxd5+ cxd5 27. Bb5 Be5 28. g3 h5 29. Re2 Bf6 30. Ra3 Ra8 31. Rxa8 Rxa8 32. a4 b6 33. cxb6+ Kxb6 34. Re8 Ra7 35. Rc8 Be7 36. Rc6+ Ka5 37. Kc3 Ra8 38. Kd4 Kb4 39. Kxd5 Ra7 40. Rb6 Bd8 41. Rb8 Bc7 42. Rh8 h4 43. gxh4 Bxh2 44. hxg5 Bg3 45. Rh3 Bb8 46. f4 Re7 47. Rf3 Rc7 48. Rc3 Re7 49. Rf3 Rc7 50. Ke4 Re7+ 51. Kf5 Re6 52. Rd3 Re7 53. Rd7 Rxd7 54. Bxd7 Bd6 55. Be8 Be7 56. Bxf7 Kxa4 57. g6 Bf8 58. Kf6 1-0

[Event "Olympiad Women 2024"]
[Site "Budapest HUN"]
[Date "2024.09.15"]
[Round "5.27"]
[Board "3"]
[White "Smith, Lynda"]
[Black "Mrvova, Alena"]
[Result "0-1"]
[WhiteElo "1831"]
[BlackElo "2121"]
[PlyCount "76"]
[EventDate "2024.09.11"]
[WhiteTeam "Wales"]
[BlackTeam "Slovakia"]
[WhiteTeamCountry "WLS"]
[BlackTeamCountry "SVK"]

1. e4 c5 2. Nc3 Nc6 3. g3 g6 4. Bg2 Bg7 5. d3 d6 6. Be3 Rb8 7. Qd2 Nf6 8. Bh6 Bxh6 9. Qxh6 Nd4 10. Qd2 b5 $146 ({RR} 10... Qa5 11. h3 Be6 12. Nge2 Nxe2 13. Qxe2 O-O 14. O-O b5 15. f4 Qc7 16. g4 b4 17. Nd1 Bc8 18. Ne3 Bb7 19. Bf3 Kh8 20. g5 Ng8 21. h4 f5 22. h5 e6 23. hxg6 hxg6 24. Kg2 Ne7 25. Rh1+ {1-0 Zatloukal,P-Pospisil,J Moravia-ch op 1994}) ({RR} 10... O-O 11. Nd5 Be6 12. Nxf6+ exf6 13. c3 Nc6 14. Ne2 f5 15. O-O d5 16. exf5 Bxf5 17. d4 cxd4 18. Nxd4 Nxd4 19. Qxd4 Be6 20. Qxa7 b6 21. Qa4 Rc8 22. Qd4 Rc4 23. Qd2 d4 24. Rfd1 Qf6 25. cxd4 {½-½ Frank,J (2116)-Kadar,G (2107) HUN-chT2 Charousek 1314 2013 (5)}) 11. h4 h5 12. Nd1 e5 13. c3 Ne6 14. Nf3 Bb7 15. O-O O-O 16. Ne3 c4 17. Ng5 Nxg5 18. hxg5 Nh7 19. f4 exf4 20. gxf4 Re8 21. Rae1 f6 22. dxc4 fxg5 23. cxb5 g4 24. Nd5 h4 25. e5 h3 26. Be4 dxe5 27. fxe5 Qh4 28. Qf4 Rf8 29. Nf6+ Nxf6 30. exf6 Bxe4 31. f7+ Kh7 32. Rxe4 Rxb5 33. Re8 Rf5 34. Qh2 Rxf1+ 35. Kxf1 Rxf7+ 36. Kg1 g3 37. Qd2 h2+ 38. Kh1 Rf1+ 0-1

[Event "Olympiad Women 2024"]
[Site "Budapest HUN"]
[Date "2024.09.15"]
[Round "5.27"]
[Board "4"]
[White "Bochnickova, Simona"]
[Black "Kong, Emma Zihan"]
[Result "1-0"]
[WhiteElo "2138"]
[BlackElo "1747"]
[PlyCount "49"]
[EventDate "2024.09.11"]
[WhiteTeam "Slovakia"]
[BlackTeam "Wales"]
[WhiteTeamCountry "SVK"]
[BlackTeamCountry "WLS"]

1. e4 c5 2. Nf3 Nc6 3. d4 cxd4 4. Nxd4 e5 5. Nb5 d6 6. N1c3 Nf6 7. Bg5 a6 8. Na3 b5 9. Nd5 Be7 10. Bxf6 Bxf6 11. c3 Be6 12. Nc2 Be7 ({RR} 12... Bg5 13. a4 bxa4 14. Rxa4 a5 15. Bb5 Bd7 16. Rc4 Rc8 17. h4 Be7 18. Nce3 g6 19. Qa4 Nb8 20. Rxc8 Qxc8 21. Nxe7 Kxe7 22. Nd5+ Kf8 23. h5 h6 24. hxg6 fxg6 25. Qxa5 Bxb5 26. Qxb5 Kg7 27. O-O {1-0 Diaz Diaz,J (2430)-Lares Flores,M (2230) Mexico City op 1991 (8)}) 13. Nce3 Bg5 $146 ({RR} 13... O-O 14. a4 bxa4 15. Qxa4 Nb8 16. b4 Bd7 17. Qc2 Bg5 18. b5 Bxe3 19. Nxe3 Qc8 20. Bc4 Qb7 21. Bd5 Nc6 22. bxc6 Bxc6 23. Bxc6 Qxc6 24. O-O Rfc8 25. Rfc1 a5 26. Nd5 Re8 27. Rab1 Qc5 28. Nb6 {1-0 Muzis,R (1259)-Romany,J (1442) Sveshnikov Memorial op blitz 2021 (11)}) 14. a4 Bxe3 15. Nxe3 b4 16. cxb4 Nxb4 17. Bc4 Qd7 18. Qd2 Nc6 19. O-O Bxc4 20. Nxc4 Rd8 21. Ra3 d5 22. Nb6 Qb7 23. Nxd5 O-O 24. Nf6+ Kh8 25. Rh3 1-0

[Event "Olympiad Women 2024"]
[Site "Budapest HUN"]
[Date "2024.09.15"]
[Round "5.28"]
[Board "1"]
[White "Rivera, Ingris"]
[Black "Pang, Kay Yan Eden"]
[Result "1-0"]
[WhiteElo "2171"]
[BlackElo "1847"]
[PlyCount "75"]
[EventDate "2024.09.11"]
[WhiteTeam "Colombia"]
[BlackTeam "Singapore"]
[WhiteTeamCountry "COL"]
[BlackTeamCountry "SIN"]

1. d4 d5 2. Nf3 e6 3. g3 Nf6 4. Bg2 Be7 5. O-O O-O 6. c4 dxc4 7. Ne5 Nc6 8. Nxc6 bxc6 9. Bxc6 Rb8 10. Bg2 c5 ({RR} 10... Bb7 11. Bxb7 Rxb7 12. Nc3 Qd7 13. Rb1 Rd8 14. Bg5 Qxd4 15. Qa4 Rb4 16. Bxf6 gxf6 17. Qc6 Qb6 18. Qf3 Qb7 19. Qg4+ Kh8 20. Rbd1 Rxd1 21. Rxd1 Qc6 22. Qh5 Kg7 23. Qg4+ Kh8 24. Qh5 Kg7 25. Qg4+ {½-½ Odendahl,S (2410)-Browne,W (2530) World op Philadelphia 1988}) 11. Na3 ({RR} 11. dxc5 Bxc5 12. Nc3 Bb7 13. Qa4 Bxg2 14. Kxg2 Qc7 15. Qxc4 Qc6+ 16. e4 Rb4 17. Qd3 Nxe4 18. Nxe4 Rxe4 19. Qf3 Rc8 20. Bd2 Re2 21. Qxc6 Rxc6 22. Bc3 h5 23. Rad1 Bb6 24. Kf3 Rc2 25. Rd2 R6xc3+ {0-1 Lutz,I (1947)-Awoki,D (2152) Titled Tue 11th Jul Late 2023 (8)}) 11... cxd4 12. Nxc4 Bb7 13. Bxb7 $146 ({RR} 13. Ne5 Bxg2 14. Kxg2 Qd5+ 15. Nf3 e5 16. Kg1 Rfd8 17. Nxe5 Qxe5 18. Bf4 Qb5 19. Bxb8 Qxb8 20. Rb1 Qe5 21. a3 h5 22. Qd3 h4 23. Rbc1 hxg3 24. Qxg3 Qd5 25. f3 Bd6 26. Qh3 Bf4 27. Rc8 g6 {0-1 Kohlscheen,J (1711)-Woellermann,J (2068) Niedersachsen-ch op 2009 (2)}) ({RR} 13. b3 Bxg2 14. Kxg2 Qd5+ 15. f3 Rfd8 16. e4 dxe3 17. Bxe3 Bc5 18. Qe2 Bxe3 19. Qxe3 Qd4 20. Qxd4 Rxd4 21. Rad1 Rxd1 22. Rxd1 Nd5 23. Kf2 Kf8 24. h4 h5 25. Ne3 Rc8 26. Nxd5 exd5 27. Rd2 Ke7 {½-½ Schrems,H (2086)-Unteregge,M (1979) Rheinland Pfalz op 11th 2019 (5)}) 13... Rxb7 14. Qd3 Qd5 15. b3 Rd8 16. Bb2 Ne4 17. Rad1 Rbd7 18. Qf3 Nc5 19. Qxd5 Rxd5 20. Ba3 Bf6 21. Rd2 Ne4 22. Rc2 e5 23. Bb4 Rc8 24. Rfc1 g6 25. f3 Ng5 26. Nd6 Rxc2 27. Rxc2 h5 28. Rc8+ Kh7 29. h4 Nxf3+ 30. exf3 Be7 31. Ne4 f5 32. Rc7 fxe4 33. Rxe7+ Kg8 34. fxe4 Rb5 35. Bd2 Rc5 36. Kf2 Rc2 37. Ke2 Rxa2 38. Rxe5 1-0

[Event "Olympiad Women 2024"]
[Site "Budapest HUN"]
[Date "2024.09.15"]
[Round "5.28"]
[Board "2"]
[White "Rice, Lauren"]
[Black "Argote Heredia, Valentina"]
[Result "0-1"]
[WhiteElo "1824"]
[BlackElo "2144"]
[PlyCount "74"]
[EventDate "2024.09.11"]
[WhiteTeam "Singapore"]
[BlackTeam "Colombia"]
[WhiteTeamCountry "SIN"]
[BlackTeamCountry "COL"]

1. d4 Nf6 2. c4 e6 3. Nf3 Bb4+ 4. Bd2 Qe7 5. g3 Nc6 6. Bg2 Bxd2+ 7. Nbxd2 d6 8. O-O O-O 9. e4 e5 10. d5 Nb8 11. Ne1 a5 12. Nd3 c6 13. a3 ({RR} 13. Qb3 cxd5 14. cxd5 b5 15. Rfc1 Bd7 16. Qa3 a4 17. Nb4 Na6 18. Nxa6 Rxa6 19. Rc2 Rc8 20. Rxc8+ Bxc8 21. Rc1 Qd8 22. Qc3 Bd7 23. Qc7 Qxc7 24. Rxc7 Kf8 25. Bf1 Ra8 26. f3 Rb8 27. Kf2 Ke7 {½-½ Benjamin,J (2575)-Dzindzichashvili,R (2545) USA-ch Modesto 1995 (6)}) ({RR} 13. b3 cxd5 14. cxd5 b5 15. a3 Nfd7 16. b4 a4 17. Re1 Nb6 18. Rc1 Ba6 19. Bf1 f5 20. f4 N8d7 21. fxe5 Nxe5 22. Nxe5 Qxe5 23. Nf3 Qb2 24. Qd4 Qxd4+ 25. Nxd4 fxe4 26. Ne6 Rf3 27. Nc7 Ra7 {1-0 Vajdic,N (2258)-Poupalos,N (1887) Veliko Gradiste Silver Lake op-A 2021 (1)}) 13... a4 14. Nb1 $146 ({RR} 14. b4 axb3 15. Qxb3 Nfd7 16. Qc2 Na6 17. Nb3 cxd5 18. cxd5 b6 19. f4 Nac5 20. Nbxc5 bxc5 21. Bh3 exf4 22. Nxf4 Ne5 23. Bxc8 Rfxc8 24. Nd3 Re8 25. Nxe5 Qxe5 26. Qf2 f6 27. Qf4 Qd4+ 28. Kh1 Rxe4 {0-1 Klecker,T (2222)-Znamenacek,K (2289) CZE-chT1W 1415 2014 (11.6)}) 14... Nbd7 15. Nc3 Nb6 16. b3 Bg4 17. f3 Bd7 18. Nb2 cxd5 19. cxd5 h5 20. Nbxa4 Nxa4 21. bxa4 h4 22. g4 Rfc8 23. Qb3 Nh7 24. Nb5 Nf8 25. f4 exf4 26. Qb4 Bxb5 27. axb5 Ng6 28. Qd2 Qe5 29. a4 Rc3 30. Rac1 Rxc1 31. Qxc1 Rxa4 32. Qc8+ Kh7 33. Qxb7 Qd4+ 34. Kh1 Ra1 35. Qxf7 Rxf1+ 36. Bxf1 Qf2 37. Bh3 f3 0-1

[Event "Olympiad Women 2024"]
[Site "Budapest HUN"]
[Date "2024.09.15"]
[Round "5.28"]
[Board "3"]
[White "Chirivi C, Jenny Astrid"]
[Black "Koh, Wei Le Gladys"]
[Result "0-1"]
[WhiteElo "2120"]
[BlackElo "1788"]
[PlyCount "106"]
[EventDate "2024.09.11"]
[WhiteTeam "Colombia"]
[BlackTeam "Singapore"]
[WhiteTeamCountry "COL"]
[BlackTeamCountry "SIN"]

1. d4 d5 2. c4 c6 3. Nf3 Nf6 4. e3 e6 5. Bd3 Nbd7 6. O-O dxc4 7. Bxc4 b5 8. Bd3 Bb7 9. a4 ({RR} 9. Nbd2 a6 10. a4 b4 11. Nc4 c5 12. b3 cxd4 13. Nxd4 Be7 14. Bb2 Nc5 15. Be2 O-O 16. Bf3 Bxf3 17. Qxf3 Qd5 18. Nc6 Rae8 19. N4a5 Qxf3 20. gxf3 Nd5 21. Rac1 Nd3 22. Rc2 Nxb2 23. Rxb2 Bf6 {1-0 Bykov,E (2424)-Shevchuk,O (2093) Titled Tue 23rd Apr Late 2024 (6)}) 9... b4 10. Nbd2 Be7 $146 ({RR} 10... c5 11. Qe2 Be7 12. e4 cxd4 13. Nxd4 Ne5 14. Bb5+ Kf8 15. N4f3 a6 16. Nxe5 axb5 {0-1 Lewis,J (2103)-Mateus Urbano,L (2283) Barcelona Sants op 17th 2015 (3)}) ({RR} 10... c5 11. Qe2 Be7 12. Rd1 O-O 13. a5 Rc8 14. Nc4 cxd4 15. exd4 Nd5 16. a6 Ba8 17. Nfe5 N7f6 18. Bg5 h6 19. Bd2 Nb6 20. Nxb6 Qxb6 21. Be3 Bd5 22. Rac1 b3 23. h3 Rfd8 24. Qf1 Bd6 25. Bb1 {1-0 Fressinet,L (2693)-Korobov,A (2679) EU-ch 13th Plovdiv 2012 (9)}) ({RR} 10... a5 11. Re1 c5 12. Bb5 Be7 13. dxc5 Bxc5 14. Nb3 O-O 15. e4 Nxe4 16. Rxe4 Bxe4 17. Qxd7 Qb6 18. Nxc5 Rfd8 19. Nxe4 Rxd7 20. Bxd7 Qb7 21. Nc5 Qd5 22. Be3 Rd8 23. Rc1 h6 24. Bb5 Rc8 25. h3 {1-0 Macias Rodriguez,F (2017)-Asensio Diaz,J (1909) Extremadura-chT 2009 (6.3)}) 11. e4 c5 12. e5 Nd5 13. Nc4 h6 14. a5 Rc8 15. Qe2 Kf8 16. Rd1 Qc7 17. a6 Ba8 18. Bd2 Qb8 19. h4 g6 20. h5 g5 21. g3 cxd4 22. Nxd4 N5b6 23. Ra5 Nxc4 24. Bxc4 Qc7 25. Rb5 Qxc4 26. Qxc4 Rxc4 27. Be1 Nb6 28. b3 Rc5 29. Bxb4 Rxb5 30. Bxe7+ Kxe7 31. Nxb5 Bd5 32. b4 Nd7 33. f4 gxf4 34. gxf4 Rg8+ 35. Kf2 Rb8 36. Nxa7 Ra8 37. Nb5 Rxa6 38. Nc3 Bb7 39. Ke3 Nb6 40. f5 Nd5+ 41. Nxd5+ Bxd5 42. Kd4 Rc6 43. f6+ Kd7 44. Rb1 Rc4+ 45. Ke3 Re4+ 46. Kd3 Rxe5 47. Ra1 Bb7 48. Kc4 Rxh5 49. b5 Kc7 50. Rd1 Bd5+ 51. Kb4 Kb6 52. Ra1 Rh4+ 53. Kc3 Rf4 0-1

[Event "Olympiad Women 2024"]
[Site "Budapest HUN"]
[Date "2024.09.15"]
[Round "5.28"]
[Board "4"]
[White "Fang, Kun"]
[Black "Lopez Rayo, Isabella"]
[Result "0-1"]
[WhiteElo "1769"]
[BlackElo "1952"]
[PlyCount "144"]
[EventDate "2024.09.11"]
[WhiteTeam "Singapore"]
[BlackTeam "Colombia"]
[WhiteTeamCountry "SIN"]
[BlackTeamCountry "COL"]

1. e4 e5 2. Nf3 Nc6 3. Bb5 f5 4. d4 fxe4 5. Nxe5 Nxe5 6. dxe5 c6 7. Be2 Qa5+ 8. Bd2 Qxe5 9. Bh5+ Kd8 10. Nc3 ({RR} 10. Na3 Nf6 11. Be2 b5 12. c4 Qxb2 13. Nc2 bxc4 14. Bxc4 d5 15. Be2 Bd6 16. Nd4 Bd7 17. Rb1 Qa3 18. O-O Rb8 19. Qc2 Ke7 20. Nxc6+ Bxc6 21. Qxc6 Rhc8 22. Rb7+ Rxb7 23. Qxb7+ Rc7 24. Qb1 Qc5 {1-0 Andriasian,Z (2588)-Mastrovasilis,A (2539) Negroponte op 2010 (5)}) ({RR} 10. Bc3 Qg5 11. Qg4 Qxg4 12. Bxg4 d5 13. Bxc8 Rxc8 14. Nd2 Nf6 15. O-O-O Kc7 16. Rhe1 Bd6 17. f3 exf3 18. Nxf3 Rhe8 19. g3 h6 20. Nh4 Kd7 21. Nf5 Bf8 22. Nxh6 Ne4 23. Nf5 Nxc3 24. bxc3 Rxe1 {½-½ Petrovska,K (1950)-Stavrov,D (1567) Skopje op 2019 (2)}) 10... Nf6 11. Bg4 $146 ({RR} 11. Be2 d5 12. Be3 Bd6 13. Qd2 Kc7 14. O-O-O Bg4 15. f3 exf3 16. gxf3 Bf5 17. Rhg1 g6 18. Bd4 Qe7 19. Bxf6 Qxf6 20. Qxd5 Rad8 21. Qc4 Kb8 22. h4 Rhe8 23. Rh1 Be5 24. Rxd8+ Rxd8 25. Rd1 Rxd1+ {½-½ Ungnad,R-Gerer,J Bayern Kongress-47 Meisterturnier 1 1976 (5)}) ({RR} 11. Be2 d5 12. Be3 Bd6 13. Qd2 Re8 14. O-O-O b6 15. g3 Bb7 16. Rhe1 Qf5 17. Rf1 Qe6 18. Rfe1 Kc7 19. f3 Rad8 20. Kb1 Be5 21. Na4 d4 22. Bf4 e3 23. Bxe5+ Qxe5 24. Qb4 c5 25. Qa3 Nd5 {0-1 Cisler,P (2210)-Bujak,M (2145) CZE-chT2A 1314 2013 (3.3)}) 11... h5 12. Bh3 d5 13. Bxc8 Rxc8 14. Qe2 Bd6 15. O-O-O d4 16. Nb1 Kc7 17. g3 Qd5 18. Bc3 c5 19. b3 Qf5 20. Na3 Kb8 21. Bb2 Ng4 22. Nc4 Bc7 23. Rde1 Nxf2 24. Rhf1 Rhf8 25. Kb1 e3 26. Nxe3 dxe3 27. Qxe3 Qf3 28. Qe7 Qf7 29. Bxg7 Qxe7 30. Rxe7 Rf5 31. Re2 Rf7 32. Bh6 Rh7 33. Bg5 Ng4 34. h3 Ne5 35. Rf5 Nc6 36. Rxc5 Bxg3 37. Rd5 Rf7 38. Kb2 h4 39. a3 Rf2 40. Rxf2 Bxf2 41. Rd7 Nd4 42. c3 Ne6 43. Bf6 Rf8 44. Be5+ Ka8 45. c4 Bg3 46. Bd6 Rh8 47. c5 a6 48. b4 Ng5 49. a4 Bxd6 50. cxd6 Kb8 51. Re7 Kc8 52. Rc7+ Kb8 53. Re7 Rd8 54. Rg7 Nf3 55. Rg6 Rh8 56. Kc3 Rc8+ 57. Kb2 Ne5 58. Re6 Nf7 59. Kb3 Rd8 60. Re4 Rh8 61. Rd4 Kc8 62. Kc4 Kd7 63. Kc5 Rh5+ 64. Kb6 Nxd6 65. Rg4 Ke6 66. Rg6+ Kd5 67. Kc7 Rh7+ 68. Kb6 Nc4+ 69. Ka7 b5+ 70. Kxa6 bxa4 71. b5 a3 72. Rg2 Rh6+ 0-1

[Event "Olympiad Women 2024"]
[Site "Budapest HUN"]
[Date "2024.09.15"]
[Round "5.29"]
[Board "1"]
[White "Zhang, Jilin"]
[Black "Mayorga Araya, Sofia"]
[Result "1/2-1/2"]
[WhiteElo "2155"]
[BlackElo "2059"]
[PlyCount "117"]
[EventDate "2024.09.11"]
[WhiteTeam "Australia"]
[BlackTeam "Costa Rica"]
[WhiteTeamCountry "AUS"]
[BlackTeamCountry "CRI"]

1. e4 c5 2. Nf3 d6 3. d4 cxd4 4. Nxd4 Nf6 5. Nc3 a6 6. Be2 e5 7. Nb3 Be7 8. O-O Be6 9. Be3 O-O 10. Re1 Nbd7 11. a4 Rc8 12. Bf3 Qc7 13. a5 Rfd8 14. Nd2 h6 ({RR} 14... Nc5 15. Nf1 b5 16. axb6 Qxb6 17. Qd2 Qb7 18. Ng3 Bf8 19. Bg5 Ncd7 20. b3 Qc6 21. Re3 h6 22. Bxf6 Nxf6 23. Qe2 Ra8 24. Nh5 Be7 25. Nxf6+ Bxf6 26. Bg4 Rdc8 27. Nd5 Bg5 28. Rc3 Qb7 29. Rxc8+ {½-½ Akshit,K (2172)-Mitusov,S (2487) Fagernes GM Open 2024 (1.15)}) 15. Nf1 Nc5 $146 ({RR} 15... Qb8 16. Na4 Rc6 17. Nb6 Nxb6 18. Bxb6 Rd7 19. Ne3 Bd8 20. Nd5 Bxb6 21. Nxb6 Rdc7 22. Re2 Nd7 23. Nxd7 Rxd7 24. Rd2 b5 25. axb6 Qxb6 26. b3 a5 27. h3 Rdc7 28. c4 Rb7 29. Rd3 Qc5 30. Qd2 {0-1 Akshit,K (2103)-Aditya,M (2480) Famalicao op 9th 2022 (6)}) ({RR} 15... Bf8 16. h3 Ra8 {½-½ Alexikov,A (2383)-Dzhakaev,D (2443) Maikop op 2004 (6)}) 16. Nd5 Nxd5 17. exd5 Bf5 18. Ng3 Bh7 19. Bg4 Rb8 20. b3 Rf8 21. Nf5 Bf6 22. b4 Nd7 23. Rc1 b6 24. axb6 Nxb6 25. c4 Rfd8 26. Qf3 e4 27. Qxe4 Re8 28. Qf3 Nd7 29. Nxh6+ Kf8 30. Qh3 Ne5 31. Bf5 Bg6 32. Bxg6 fxg6 33. Ng4 Nxg4 34. Qxg4 Rxb4 35. Qxg6 Rxc4 36. Bg5 Rxe1+ 37. Rxe1 Qf7 38. Qxf7+ Kxf7 39. Bxf6 gxf6 40. g3 Rc5 41. Rd1 a5 42. Rd4 Kg6 43. g4 Rb5 44. Kf1 Kg5 45. h3 Rb3 46. Ra4 Rb5 47. Kg2 Rxd5 48. Kg3 Rb5 49. h4+ Kg6 50. Rc4 f5 51. Rc6 fxg4 52. Kxg4 Rd5 53. Ra6 Kh6 54. f4 Kg6 55. Ra8 Kh6 56. Rh8+ Kg7 57. Ra8 Kh6 58. Rh8+ Kg7 59. Ra8 1/2-1/2

[Event "Olympiad Women 2024"]
[Site "Budapest HUN"]
[Date "2024.09.15"]
[Round "5.29"]
[Board "2"]
[White "Acevedo Mendez, Jennifer"]
[Black "Nguyen, Thu Giang"]
[Result "1/2-1/2"]
[WhiteElo "1836"]
[BlackElo "2068"]
[PlyCount "111"]
[EventDate "2024.09.11"]
[WhiteTeam "Costa Rica"]
[BlackTeam "Australia"]
[WhiteTeamCountry "CRI"]
[BlackTeamCountry "AUS"]

1. e4 c6 2. d4 d5 3. e5 c5 4. c3 cxd4 5. cxd4 Nc6 6. Be2 Bf5 7. Nc3 e6 8. a3 Qb6 $146 ({RR} 8... Nge7 9. Nf3 h6 10. O-O Rc8 11. Nb5 Ng6 12. Be3 Nh4 13. Nxh4 Qxh4 14. Qa4 a6 15. Na7 Rc7 16. Rac1 Be7 17. Nxc6 bxc6 18. Rxc6 Rxc6 19. Qxc6+ Kf8 20. g3 {1-0 Panesar,V (2436)-Bodrogi,B (2365) Titled Tue 9th Jul Early 2024 (5)}) 9. Nf3 Bg4 10. Na4 Qc7 11. O-O Nge7 12. Bf4 Bxf3 13. Bxf3 Nf5 14. Rc1 Rc8 15. Be3 Be7 16. Qd2 O-O 17. b4 b5 18. Nc5 a5 19. Be2 axb4 20. axb4 Nxe3 21. fxe3 Bg5 22. Bxb5 Qe7 23. Bxc6 Rxc6 24. Qd3 Rb6 25. b5 f6 26. exf6 gxf6 27. Ra1 e5 28. Qb3 exd4 29. Qxd5+ Qf7 30. Qxd4 Rxb5 31. Ne4 Qe6 32. Nxg5 Rxg5 33. Rf4 Rg6 34. Qc4 Qxc4 35. Rxc4 Rf7 36. Kf2 Re7 37. Kf3 Kg7 38. Rac1 Re5 39. Rf4 Re7 40. Rc6 Kf7 41. h4 Rh6 42. g3 Kg7 43. Rfc4 Rh5 44. Rc7 Rhe5 45. Rxe7+ Rxe7 46. Kf4 h5 47. e4 Re5 48. Rd4 Kg6 49. Rd5 Re8 50. Rb5 Re7 51. Rb8 Re5 52. Rg8+ Kf7 53. Rd8 Kg6 54. Rg8+ Kf7 55. Rd8 Kg6 56. Rg8+ 1/2-1/2